[Event "ST-2015-0-00125"]
[Site "LSS email"]
[Date "2015.11.02"]
[Round "?"]
[White "Guberna, Aleksandr"]
[Black "Vesely, Pavol"]
[Result "1/2-1/2"]
[WhiteElo "2366"]
[BlackElo "2578"]
[PlyCount "55"]
[EventDate "2014.09.29"]
[EventType "tourn (corr)"]
[EventRounds "6"]
[EventCountry "GER"]
[SourceTitle "Corr 2022"]
[Source "ChessBase"]
[SourceDate "2021.10.24"]
[SourceVersion "1"]
[SourceVersionDate "2021.10.24"]
[SourceQuality "1"]

1. Nf3 d5 2. d4 Nf6 3. c4 c6 4. Nc3 dxc4 5. a4 Bf5 6. Ne5 e6 7. f3 Bb4 8. Nxc4 0-0 9. Kf2 Bg6 10. e4 c5 11. Na2 Nc6 12. Nxb4 Nxb4 13. Bd2 Bxe4 14. fxe4 Nxe4+ 15. Kg1 Qxd4+ 16. Be3 Qd5 17. h4 Rad8 18. Qb3 Ng3 19. Rh3 Nxf1 20. Rxf1 f6 21. h5 h6 22. Rg3 Kh7 23. Bd2 Qxh5 24. Bxb4 cxb4 25. Qxb4 Qh4 26. Qb3 Rd5 27. Rgf3 Rfd8 28. Rf4 1/2-1/2

[Event "ST-2015-0-00125"]
[Site "LSS email"]
[Date "2015.11.02"]
[Round "?"]
[White "Vesely, Pavol"]
[Black "Monacell, James"]
[Result "1/2-1/2"]
[WhiteElo "2578"]
[BlackElo "2437"]
[PlyCount "129"]
[EventDate "2014.09.29"]
[EventType "tourn (corr)"]
[EventRounds "6"]
[EventCountry "GER"]
[SourceTitle "Corr 2022"]
[Source "ChessBase"]
[SourceDate "2021.10.24"]
[SourceVersion "1"]
[SourceVersionDate "2021.10.24"]
[SourceQuality "1"]

1. e4 c5 2. Nf3 Nc6 3. Bb5 Nf6 4. Nc3 g6 5. e5 Ng4 6. Bxc6 dxc6 7. d3 Bg7 8. Bf4 Nh6 9. Ne4 Bg4 10. h3 Bxf3 11. Qxf3 Nf5 12. 0-0-0 Nd4 13. Qe3 Ne6 14. Bh2 Qd4 15. c3 Qxe3+ 16. fxe3 h5 17. Rhf1 Rd8 18. Kc2 h4 19. Nf2 b5 20. Ng4 Rd7 21. Bg1 a5 22. a4 b4 23. Kb3 Rb7 24. Kc4 Rh5 25. d4 Rf5 26. Bf2 Rh5 27. Be1 Rb8 28. Bd2 cxd4 29. exd4 c5 30. d5 Nf8 31. Bf4 Rb7 32. Rfe1 Rf5 33. Bh2 Nd7 34. d6 e6 35. Re2 Rb8 36. Rde1 Rb6 37. Re4 g5 38. R4e3 Rb8 39. R3e2 Rb6 40. Kd3 Rb8 41. Kc2 c4 42. Re4 b3+ 43. Kb1 Rc8 44. Ne3 Rf2 45. Bg1 Rf4 46. Rxf4 gxf4 47. Ng4 Nc5 48. Bxc5 Rxc5 49. Re4 Rd5 50. Rd4 Rc5 51. Re4 Rd5 52. Kc1 Kd8 53. Rxf4 Bxe5 54. Nxe5 Rxe5 55. Kd2 Rg5 56. Ke3 Kd7 57. Kf2 Rd5 58. Ke2 Re5+ 59. Kf2 Rd5 60. Rxf7+ Kxd6 61. Ke2 Rg5 62. Kf2 Rd5 63. Ke3 Rd3+ 64. Ke2 Rg3 65. Kf2 1/2-1/2